000 00345nam a22001457a 4500
003 OSt
005 20160727222344.0
008 160621b xxu||||| |||| 00| 0 eng d
040 _cTEST
100 _9191
_aWilkes, M. Z
245 _aC.L.U.T.Z.story Book
260 _aN.Y
_b The dial press
_c1982
300 _aC.L.U.T.Z.story Book
942 _2ddc
_cBK
999 _c152
_d152